[Event "EU-ch U16 Girls"]
[Site "Chalkidiki"]
[Date "2000.10.02"]
[EventDate "?"]
[Round "5"]
[Result "1-0"]
[White "Natalia Pogonina"]
[Black "Anna Novikova"]
[WhiteElo "2501"]
[BlackElo "2256"]
[PlyCount "69"]

1.e4 c5 2.Nf3 e6 3.d4 cxd4 4.Nxd4 Nf6 5.Nc3 Nc6 6.Ndb5 d6
7.Bf4 e5 8.Bg5 a6 9.Na3 b5 10.Bxf6 gxf6 11.Nd5 Bg7 12.c3 f5
13.exf5 Bxf5 14.Nc2 Be6 15.Nce3 Ne7 16.Be2 Nxd5 17.Nxd5 O-O
18.O-O Rb8 19.Qd2 f5 20.a4 Rb7 21.Nb4 Rf6 22.Nxa6 Bh6 23.Qd3
Rg6 24.axb5 Qh4 25.g3 Qh3 26.Qf3 Rbg7 27.Qg2 f4 28.Qxh3 Bxh3
29.Bc4+ Kf8 30.Rfe1 fxg3 31.fxg3 Bf4 32.Bd5 h5 33.Kh1 Bg5
34.b6 Bc8 35.Nc7 1-0

[Event "RUS-ch (Women)"]
[Site "Elista"]
[Date "2001.??.??"]
[EventDate "?"]
[Round "6"]
[Result "1-0"]
[White "Tatiana Grabuzova"]
[Black "Natalia Pogonina"]
[WhiteElo "2348"]
[BlackElo "2501"]
[PlyCount "67"]

1.b3 d5 2.Bb2 Bf5 3.g3 e6 4.Bg2 Nf6 5.c4 c6 6.Nf3 h6 7.O-O Be7
8.d3 O-O 9.a3 Nbd7 10.Nbd2 Bh7 11.b4 b5 12.cxb5 cxb5 13.Nb3
Rc8 14.Rc1 Qb6 15.Qd2 Bd6 16.Bh3 Qb8 17.Na5 a6 18.Nd4 Qa8
19.Ndc6 Kh8 20.e4 dxe4 21.dxe4 Nxe4 22.Qxh6 Ndf6 23.Qe3 Rfe8
24.Bg2 Nd5 25.Qd4 Nef6 26.Qh4 Rc7 27.Rfd1 Bf8 28.Be5 Rcc8
29.g4 Nd7 30.Be4 N7f6 31.Bxh7 Nxh7 32.Rd3 Be7 33.Qh5 Kg8
34.Rh3 1-0

[Event "RUS Cup (Women)"]
[Site "Serpukhov"]
[Date "2001.??.??"]
[EventDate "?"]
[Round "2"]
[Result "1-0"]
[White "Natalia Pogonina"]
[Black "Julia Komarishkina"]
[WhiteElo "2501"]
[BlackElo "2138"]
[PlyCount "73"]

1.e4 c5 2.Nf3 e6 3.d4 cxd4 4.Nxd4 a6 5.Bd3 Nf6 6.O-O Qc7 7.c4
Nc6 8.Nxc6 bxc6 9.Nc3 d6 10.Qe2 e5 11.h3 Be7 12.f4 O-O 13.f5
Nd7 14.Be3 f6 15.Rfd1 a5 16.Na4 Nc5 17.Nxc5 dxc5 18.Qf2 Qb6
19.Bf1 a4 20.Rd2 Ra5 21.Rad1 Re8 22.h4 Qc7 23.h5 Kh8 24.h6 g6
25.Be2 Rf8 26.fxg6 hxg6 27.Qg3 Kh7 28.Bg4 Rd8 29.Rxd8 Bxd8
30.Qh3 Bxg4 31.Qxg4 Ra7 32.Bxc5 Rb7 33.Qe6 Be7 34.Qf7+ Kxh6
35.Be3+ g5 36.Kf2 Rxb2+ 37.Kg3 1-0

[Event "RUS-ch U16 Girls"]
[Site "Cherepovets"]
[Date "2001.??.??"]
[EventDate "?"]
[Round "?"]
[Result "1-0"]
[White "Olga Derli"]
[Black "Natalia Pogonina"]
[WhiteElo "2272"]
[BlackElo "2501"]
[PlyCount "69"]

1.e4 c5 2.Nf3 d6 3.d4 cxd4 4.Nxd4 Nf6 5.Nc3 g6 6.f3 Bg7 7.Be3
O-O 8.Bc4 Nc6 9.Bb3 Bd7 10.Qd2 Rc8 11.h4 h5 12.O-O-O Ne5
13.Rhe1 Nc4 14.Bxc4 Rxc4 15.Nb3 Qc7 16.Bd4 Be6 17.Kb1 a6
18.Qe3 b5 19.Re2 Re8 20.g4 hxg4 21.f4 Rc6 22.Bxf6 exf6 23.Nd4
Rc5 24.f5 gxf5 25.h5 Bc4 26.h6 Bf8 27.Rg2 b4 28.Qf4 d5
29.Rxg4+ fxg4 30.Qxg4+ Kh7 31.Qf5+ Kh8 32.Qxf6+ Kh7 33.Rg1
Bxh6 34.Rh1 Qe5 35.Rxh6+ 1-0

[Event "RUS-ch U16 Girls"]
[Site "Cherepovets"]
[Date "2001.??.??"]
[EventDate "?"]
[Round "?"]
[Result "0-1"]
[White "Polina Malysheva"]
[Black "Natalia Pogonina"]
[WhiteElo "2336"]
[BlackElo "2501"]
[PlyCount "119"]

1.e4 c5 2.Nf3 d6 3.c3 Nf6 4.Bc4 Nc6 5.Qe2 Bg4 6.Bb3 g6 7.O-O
Bg7 8.h3 Bxf3 9.Qxf3 O-O 10.d3 Qb6 11.Bg5 a5 12.Na3 a4 13.Nc4
Qc7 14.Bc2 b5 15.Ne3 Qa7 16.a3 Rac8 17.Qe2 Nd7 18.f4 Nb6 19.f5
Ne5 20.f6 exf6 21.Bxf6 Qd7 22.Rad1 Qe6 23.Bxg7 Kxg7 24.Qf2
Rce8 25.Bb1 Ned7 26.Qg3 Kh8 27.Rf2 f5 28.Rf4 Nf6 29.Rh4 Nh5
30.Rxh5 f4 31.Rxh7+ Kxh7 32.Qh4+ Kg7 33.Ng4 Rh8 34.Qf2 Ref8
35.d4 Nd7 36.dxc5 dxc5 37.Ba2 c4 38.Qd4+ Nf6 39.Bb1 Rf7 40.Ne5
Re7 41.Nxg6 Kxg6 42.e5+ Kg7 43.exf6+ Qxf6 44.Qc5 Rhe8 45.Rd6
Qe5 46.Rg6+ Kf7 47.Qc6 Re6 48.Qd7+ R8e7 49.Rxe6 Qc5+ 50.Qd4
Qxd4+ 51.cxd4 Rxe6 52.Kf2 Re3 53.Bc2 Kf6 54.h4 c3 55.g4 cxb2
56.g5+ Kf7 57.h5 Rc3 58.Bg6+ Kg8 59.h6 Rc1 60.d5 0-1

[Event "RUS-ch U16 Girls"]
[Site "Cherepovets"]
[Date "2001.??.??"]
[EventDate "?"]
[Round "?"]
[Result "0-1"]
[White "Anna Novikova"]
[Black "Natalia Pogonina"]
[WhiteElo "2256"]
[BlackElo "2501"]
[PlyCount "114"]

1.e4 c5 2.c3 g6 3.d4 cxd4 4.cxd4 d5 5.exd5 Nf6 6.Nc3 Bg7 7.Bc4
O-O 8.Nge2 b6 9.O-O Bb7 10.Nf4 Na6 11.Re1 Nc7 12.Re5 Nfe8
13.Qg4 Nd6 14.Bd3 Ba6 15.Bxa6 Nxa6 16.Re2 Nf5 17.Be3 Nc7
18.Rd1 Qd7 19.Qh3 Rad8 20.Rd3 Rfe8 21.a4 Na6 22.Rd1 Nb4 23.Qf3
Bh6 24.g4 Nxe3 25.Rxe3 Bxf4 26.Qxf4 Nxd5 27.Nxd5 Qxd5 28.Rh3
f6 29.Rdd3 Qf7 30.Rh6 e5 31.Qd2 exd4 32.Rxd4 Rxd4 33.Qxd4 Re1+
34.Kg2 Qb7+ 35.f3 Qe7 36.Qc4+ Kg7 37.Rh3 Qe2+ 38.Qxe2 Rxe2+
39.Kg1 Rxb2 40.f4 Ra2 41.a5 Rxa5 42.Rc3 h5 43.gxh5 gxh5 44.Kg2
Kg6 45.Kg3 Kf5 46.Rd3 a6 47.Rd6 Rb5 48.Kh4 Rb2 49.h3 Rb1
50.Rd5+ Kxf4 51.Rxh5 f5 52.Rh8 a5 53.Ra8 Rb4 54.Rc8 a4 55.Kh5
b5 56.Ra8 Kg3 57.Kg5 f4 0-1

[Event "RUS-ch U20 Girls"]
[Site "Kazan"]
[Date "2001.??.??"]
[EventDate "?"]
[Round "2"]
[Result "1/2-1/2"]
[White "Julia Kochetkova"]
[Black "Natalia Pogonina"]
[WhiteElo "2305"]
[BlackElo "2501"]
[PlyCount "89"]

1.e4 c5 2.Nf3 d6 3.d4 cxd4 4.Nxd4 Nf6 5.Nc3 g6 6.Be3 Bg7 7.f3
O-O 8.Qd2 Nc6 9.Bc4 Bd7 10.h4 h5 11.O-O-O Rc8 12.Bb3 Ne5
13.Bg5 Rc5 14.Kb1 Re8 15.Rhe1 Qc8 16.f4 Nc4 17.Bxc4 Rxc4 18.e5
Nh7 19.Nf3 Nxg5 20.Nxg5 Bg4 21.Rc1 dxe5 22.fxe5 Qc5 23.Nge4
Qb4 24.a3 Qa5 25.Qd3 Rcc8 26.Ng5 Bxe5 27.Nd5 Bd6 28.Qb3 Rf8
29.Nxe7+ Bxe7 30.Rxe7 Rc7 31.Rce1 Bf5 32.Rxc7 Qxc7 33.Ne4 Bxe4
34.Rxe4 Qc6 35.Qe3 a6 36.Qe2 Rc8 37.g4 hxg4 38.Rxg4 Qh1+
39.Ka2 Qd5+ 40.b3 Qf5 41.Rg2 Rc5 42.Rf2 Re5 43.Qd2 Qe6 44.Qd8+
Kg7 45.Qc7 1/2-1/2

[Event "RUS-ch U20 Girls"]
[Site "Kazan"]
[Date "2001.??.??"]
[EventDate "?"]
[Round "4"]
[Result "1/2-1/2"]
[White "Olga Druzhinina"]
[Black "Natalia Pogonina"]
[WhiteElo "2245"]
[BlackElo "2501"]
[PlyCount "86"]

1.e4 c5 2.Nf3 d6 3.Bb5+ Bd7 4.Bxd7+ Qxd7 5.O-O Nc6 6.c3 Nf6
7.Re1 e6 8.d4 cxd4 9.cxd4 d5 10.e5 Ne4 11.Nbd2 Nxd2 12.Bxd2
Be7 13.Rc1 O-O 14.Rc3 f6 15.exf6 Bxf6 16.Rd3 Rae8 17.Bf4 Bd8
18.Bg3 Bc7 19.Ng5 Bxg3 20.hxg3 Rf5 21.f4 h6 22.Nf3 Qd6 23.Nh4
Rf6 24.a3 Re7 25.Qg4 Kh7 26.Nf3 g6 27.Kf2 Kg7 28.Rh1 Re8
29.Re3 Qd8 30.Rb3 Na5 31.Rc3 Qb6 32.Rhc1 Nc6 33.b4 Nxd4
34.Rc7+ Kg8 35.Nxd4 Qxd4+ 36.Kf1 Ref8 37.Rxb7 Rxf4+ 38.gxf4
Rxf4+ 39.Qf3 Qd3+ 40.Ke1 Rxf3 41.gxf3 Qe3+ 42.Kd1 Qxf3+ 43.Ke1
Qe3+ 1/2-1/2

[Event "RUS-ch U20 Girls"]
[Site "Kazan"]
[Date "2001.??.??"]
[EventDate "?"]
[Round "7"]
[Result "1/2-1/2"]
[White "Bairta Kharashkina"]
[Black "Natalia Pogonina"]
[WhiteElo "2229"]
[BlackElo "2501"]
[PlyCount "152"]

1.e4 c5 2.c3 g6 3.d4 cxd4 4.cxd4 d5 5.exd5 Nf6 6.Bb5+ Nbd7
7.Nc3 Bg7 8.Nf3 O-O 9.d6 exd6 10.O-O d5 11.Bg5 Nb6 12.Ne5 Bf5
13.Bd3 Bxd3 14.Qxd3 a6 15.Qf3 Qd6 16.Rfe1 Rac8 17.Rad1 Ne4
18.Nxe4 dxe4 19.Qb3 Qe6 20.Qxe6 fxe6 21.Rxe4 Rc2 22.Nd3 Nc4
23.Rc1 Rxc1+ 24.Bxc1 Rd8 25.Nc5 Rxd4 26.Rxd4 Bxd4 27.Nxe6 Bxb2
28.Bxb2 Nxb2 29.Nc5 Kf7 30.Nxb7 Na4 31.Kf1 Ke6 32.Ke1 Kd5
33.Kd2 Nb6 34.Na5 Nd7 35.Ke3 Ne5 36.h3 h6 37.f4 Nd7 38.Nb3 Nb6
39.Nd2 Na4 40.Ne4 Nb2 41.Nf6+ Ke6 42.Ng4 h5 43.Ne5 Kf6 44.Nd3
Na4 45.Kd4 h4 46.Nb4 Kf5 47.Nd5 Nb2 48.Ke3 Nc4+ 49.Kf3 Nd2+
50.Ke2 Nb1 51.Ke3 a5 52.Ne7+ Kf6 53.Nc6 Nc3 54.Nxa5 Nxa2
55.Nc6 Nc3 56.Nd4 g5 57.fxg5+ Kxg5 58.Kf3 Nd5 59.Nc2 Ne7
60.Ke4 Ng6 61.Nd4 Ne7 62.Kf3 Ng6 63.Ne6+ Kf5 64.Nd4+ Kg5
65.Nc6 Kf5 66.Nd4+ Kg5 67.Ke4 Ne7 68.Ne6+ Kf6 69.Nd4 Kg5
70.Kf3 Ng6 71.Ne6+ Kf5 72.Nd4+ Kg5 73.Ne6+ Kf6 74.Nd4 Kg5
75.Ne6+ Kf6 76.Nd4 Kg5 1/2-1/2

[Event "RUS-ch U20 Girls"]
[Site "Kazan"]
[Date "2001.??.??"]
[EventDate "?"]
[Round "8"]
[Result "1-0"]
[White "Olga Iljushina"]
[Black "Natalia Pogonina"]
[WhiteElo "2264"]
[BlackElo "2501"]
[PlyCount "63"]

1.d4 Nf6 2.Nf3 c5 3.d5 b5 4.Bg5 g6 5.Bxf6 exf6 6.e4 a6 7.a4 b4
8.Nbd2 d6 9.a5 Bg7 10.Nc4 O-O 11.Bd3 Qc7 12.O-O Nd7 13.Nfd2
Bb7 14.f4 f5 15.exf5 Bxd5 16.fxg6 fxg6 17.Ne4 Qc6 18.Qe2 Rae8
19.Ncxd6 c4 20.Nxe8 Rxe8 21.Rae1 Kh8 22.Qd2 cxd3 23.cxd3 b3
24.f5 Bd4+ 25.Kh1 gxf5 26.Rxf5 Bxe4 27.dxe4 Rxe4 28.Ref1 Rg4
29.h3 Re4 30.Qg5 Re8 31.Rf7 Nc5 32.Rf8+ 1-0

[Event "RUS-ch U18 Girls"]
[Site "Rybinsk"]
[Date "2001.??.??"]
[EventDate "?"]
[Round "2"]
[Result "0-1"]
[White "Yana Melnikova"]
[Black "Natalia Pogonina"]
[WhiteElo "2288"]
[BlackElo "2501"]
[PlyCount "112"]

1.e4 c5 2.Nf3 d6 3.d4 cxd4 4.Nxd4 Nf6 5.Nc3 g6 6.Be3 Bg7 7.Be2
O-O 8.O-O Nc6 9.Qd2 Ng4 10.Bxg4 Bxg4 11.Nxc6 bxc6 12.Bh6 Be6
13.Bxg7 Kxg7 14.b3 Qa5 15.Qd4+ f6 16.Na4 c5 17.Qe3 c4 18.f4
Rac8 19.Nb2 Qb6 20.Qxb6 axb6 21.b4 c3 22.Nd3 Rc4 23.Rfe1 Ra8
24.a3 Kf7 25.Re3 Bd7 26.e5 Bf5 27.exd6 exd6 28.h3 h5 29.Rae1
Rc7 30.b5 d5 31.Nb4 d4 32.Nd5 Rb7 33.Re7+ Rxe7 34.Rxe7+ Kf8
35.Re2 Rxa3 36.Nxb6 Ra5 37.Nc4 Rxb5 38.Nd6 Rb1+ 39.Kf2 Bd7
40.Ne4 Bb5 41.Nxc3 dxc3 42.Re3 Rf1+ 43.Kg3 h4+ 44.Kxh4 Rxf4+
45.g4 Rc4 46.Kg3 Ba4 47.Re2 Rc5 48.Kf4 g5+ 49.Kg3 Re5 50.Rf2
Re3+ 51.Kh2 Ke7 52.Kg2 Bc6+ 53.Kh2 Be4 54.Kg1 Re1+ 55.Kh2 Rc1
56.Re2 Rxc2 0-1

[Event "RUS-ch U18 Girls"]
[Site "Rybinsk"]
[Date "2001.??.??"]
[EventDate "?"]
[Round "4"]
[Result "0-1"]
[White "Elizaveta Borisova"]
[Black "Natalia Pogonina"]
[WhiteElo "2211"]
[BlackElo "2501"]
[PlyCount "90"]

1.e4 c5 2.Nf3 d6 3.d4 cxd4 4.Nxd4 Nf6 5.Nc3 g6 6.Be3 Bg7 7.f3
O-O 8.Qd2 Nc6 9.Bc4 Bd7 10.O-O-O Rc8 11.Bb3 Ne5 12.h4 h5
13.Bh6 Nc4 14.Bxc4 Rxc4 15.Bxg7 Kxg7 16.Kb1 a5 17.Rhe1 Qc7
18.Nd5 Nxd5 19.exd5 Re8 20.Re4 a4 21.Qe2 Rc5 22.Rxe7 Rxe7
23.Qxe7 Rxd5 24.Qe3 Qc5 25.a3 Re5 26.Qd3 Kg8 27.f4 Rd5 28.Qe3
b5 29.c3 Qc4 30.Rd2 Qf1+ 31.Kc2 Bg4 32.Qe4 Qc4 33.Qe8+ Kg7
34.Qe3 Rc5 35.Qd3 Qd5 36.Qe3 Qa2 37.Qf2 b4 38.axb4 Rc8 39.Qe1
a3 40.Qb1 Rxc3+ 41.Kxc3 Qxb1 42.bxa3 Qa1+ 43.Kc4 Qxa3 44.b5
Bd7 45.Rd3 Qc5+ 0-1

[Event "RUS-ch U18 Girls"]
[Site "Rybinsk"]
[Date "2001.??.??"]
[EventDate "?"]
[Round "6"]
[Result "1/2-1/2"]
[White "Olga Kuzmina"]
[Black "Natalia Pogonina"]
[WhiteElo "2249"]
[BlackElo "2501"]
[PlyCount "116"]

1.e4 c5 2.Nf3 d6 3.d4 cxd4 4.Nxd4 Nf6 5.Nc3 g6 6.Be2 Bg7 7.O-O
O-O 8.Nb3 Nc6 9.Re1 Be6 10.Bg5 Rc8 11.Bf1 a6 12.Nd5 Bxd5
13.exd5 Ne5 14.c3 Re8 15.Rc1 Qd7 16.h3 Qa4 17.Rc2 Qxa2 18.Rce2
Nd3 19.Qxd3 Qxb3 20.Rxe7 Rxe7 21.Rxe7 Qxb2 22.c4 a5 23.Bd2 b6
24.Re2 Nd7 25.Bxa5 Qf6 26.Bb4 Ne5 27.Qb3 Qd8 28.Ra2 Qc7 29.Bd2
Bf8 30.Ra4 h5 31.Be3 Rb8 32.Qa2 Nd7 33.Qd2 Nc5 34.Ra3 Qb7
35.Bd4 Ra8 36.Re3 Qd7 37.Qe1 Qf5 38.Bb2 Bg7 39.Rf3 Qd7 40.Bc1
Ra1 41.Ra3 Rb1 42.Qe3 Qf5 43.Ra7 Kh7 44.Qf4 Qxf4 45.Bxf4 Kg8
46.Ra8+ Kh7 47.Ra7 Kg8 48.Ra8+ Kh7 49.Bxd6 Ne4 50.Bf4 Bd4
51.Ra2 g5 52.Be3 Bxe3 53.fxe3 h4 54.g4 hxg3 55.Kg2 Rd1 56.Be2
Re1 57.Kf3 Nc3 58.Bd3+ Kg7 1/2-1/2

[Event "RUS-ch U18 Girls"]
[Site "Rybinsk"]
[Date "2001.??.??"]
[EventDate "?"]
[Round "8"]
[Result "1-0"]
[White "Marina Romanko Nechaeva"]
[Black "Natalia Pogonina"]
[WhiteElo "2320"]
[BlackElo "2501"]
[PlyCount "65"]

1.e4 c5 2.Nf3 d6 3.d4 cxd4 4.Nxd4 Nf6 5.Nc3 g6 6.Be3 Bg7 7.f3
O-O 8.Qd2 Nc6 9.Bc4 Bd7 10.O-O-O Rc8 11.Bb3 Ne5 12.h4 h5
13.Bg5 Rc5 14.Kb1 b5 15.g4 hxg4 16.h5 Nxh5 17.Nd5 Rxd5 18.Bxd5
gxf3 19.Rdg1 Bg4 20.Nc6 Qd7 21.Bxe7 Re8 22.Nxe5 Bxe5 23.Qg5
Be6 24.Qxh5 Qxe7 25.Bxe6 Qxe6 26.Qxf3 Bg7 27.Rf1 Re7 28.Qf4 a5
29.Rd1 Be5 30.Qf1 Rb7 31.Rd5 Qd7 32.Qd3 Qc6 33.Rxe5 1-0

[Event "RUS-ch U18 Girls"]
[Site "Rybinsk"]
[Date "2001.??.??"]
[EventDate "?"]
[Round "10"]
[Result "0-1"]
[White "Olga Derli"]
[Black "Natalia Pogonina"]
[WhiteElo "2272"]
[BlackElo "2501"]
[PlyCount "96"]

1.e4 c5 2.Nf3 d6 3.d4 cxd4 4.Nxd4 Nf6 5.Nc3 g6 6.f3 Bg7 7.Be3
O-O 8.Bc4 Nc6 9.Bb3 Bd7 10.Qd2 Rc8 11.h4 h5 12.Nde2 a5 13.Bh6
Ne5 14.Bxg7 Kxg7 15.a4 Rc5 16.Nf4 Nc4 17.Bxc4 Rxc4 18.Ra3 e5
19.Nd3 Rc8 20.Qg5 Be6 21.f4 exf4 22.O-O Bc4 23.Qxf4 Ng4 24.Nd1
Qb6+ 25.Kh1 Be6 26.N3f2 Rxc2 27.Nxg4 Bxg4 28.Qf6+ Kg8 29.Rg3
Qd8 30.Qxd8 Rxd8 31.Rc3 Bxd1 32.Rxd1 Rxc3 33.bxc3 Kf8 34.Rd5
b6 35.Rb5 Rb8 36.Kg1 Ke7 37.Kf2 Kd7 38.Ke3 Kc6 39.Kf4 Re8
40.g3 f6 41.Rb3 Re5 42.c4 g5+ 43.hxg5 fxg5+ 44.Ke3 h4 45.Kd4
Re8 46.gxh4 gxh4 47.Rb5 Rh8 48.e5 h3 0-1

[Event "RUS Cup (Women)"]
[Site "Serpukhov"]
[Date "2001.??.??"]
[EventDate "?"]
[Round "5"]
[Result "1/2-1/2"]
[White "Natalia Pogonina"]
[Black "Ekaterina Postnova"]
[WhiteElo "2501"]
[BlackElo "2219"]
[PlyCount "120"]

1.e4 c5 2.Nf3 Nc6 3.d4 cxd4 4.Nxd4 g6 5.c4 Bg7 6.Be3 Nf6 7.Nc3
Ng4 8.Qxg4 Nxd4 9.Qd1 Ne6 10.Qd2 Qa5 11.Rc1 d6 12.Be2 Bd7
13.O-O Bc6 14.f3 g5 15.Rfd1 Be5 16.Bf1 Bf4 17.Kh1 Qe5 18.Bxf4
gxf4 19.Nd5 f6 20.b4 b6 21.Qc2 Kf7 22.Ra1 Rab8 23.Qf2 Rb7
24.Re1 h5 25.a4 h4 26.h3 Qd4 27.Qa2 Qe5 28.Qf2 Qd4 29.Qc2 Qe5
30.a5 bxa5 31.b5 Bd7 32.Rxa5 Qg5 33.Qf2 Nc5 34.Ra2 Be6 35.Nb4
Bd7 36.Rea1 Ra8 37.Nd3 Qg3 38.Nxc5 Qxf2 39.Rxf2 dxc5 40.Rfa2
Bc8 41.e5 fxe5 42.Bd3 Rd7 43.Be4 Bb7 44.Bxb7 Rxb7 45.Rd1 e6
46.Ra6 Rc8 47.Kg1 Rcc7 48.Rdd6 Re7 49.Rac6 Rbc7 50.Rxe6 Rxc6
51.Rxc6 Re6 52.Rc7+ Kf6 53.Rxa7 e4 54.fxe4 Rxe4 55.Ra6+ Ke5
56.Ra5 Re2 57.Ra1 Rb2 58.Rd1 Ke4 59.Rd5 Rb1+ 60.Kf2 Rb2+
1/2-1/2

[Event "RUS Cup (Women)"]
[Site "Serpukhov"]
[Date "2001.??.??"]
[EventDate "?"]
[Round "6"]
[Result "1-0"]
[White "Natalia Pogonina"]
[Black "Olga Kovaleva"]
[WhiteElo "2501"]
[BlackElo "2110"]
[PlyCount "91"]

1.e4 e5 2.Nf3 Nc6 3.Nc3 Bb4 4.Nd5 Bc5 5.c3 Nf6 6.d4 exd4
7.cxd4 Nxd5 8.dxc5 Nf6 9.Bd3 Qe7 10.O-O Qxc5 11.e5 Ng4 12.Bf4
O-O 13.Bxh7+ Kh8 14.Bc2 Qc4 15.Bg3 d6 16.exd6 cxd6 17.Bb3 Qe4
18.Qxd6 Be6 19.Ng5 Qe2 20.Nxe6 fxe6 21.Rae1 Qxb2 22.Qxe6 Nh6
23.Qg6 Qf6 24.Qxf6 Rxf6 25.Rd1 Nf5 26.Rd7 Nxg3 27.hxg3 Rb8
28.Re1 b6 29.f4 a5 30.Kf2 b5 31.Rh1+ Rh6 32.Rxh6+ gxh6 33.Rd6
Nb4 34.a3 a4 35.Bd1 Na2 36.Rxh6+ Kg7 37.Rc6 b4 38.axb4 Rxb4
39.Rc2 Rd4 40.Rxa2 Rxd1 41.Rxa4 Rd2+ 42.Kf3 Rd3+ 43.Kg4 Rd2
44.Kg5 Rxg2 45.Ra7+ Kf8 46.g4 1-0

[Event "RUS Cup (Women)"]
[Site "Serpukhov"]
[Date "2001.??.??"]
[EventDate "?"]
[Round "8"]
[Result "1-0"]
[White "Natalia Pogonina"]
[Black "Tatjana Molchanova"]
[WhiteElo "2501"]
[BlackElo "2316"]
[PlyCount "129"]

1.e4 c6 2.d4 d5 3.Nc3 dxe4 4.Nxe4 Bf5 5.Ng3 Bg6 6.h4 h6 7.Nf3
Nd7 8.h5 Bh7 9.Bd3 Bxd3 10.Qxd3 Qc7 11.Bd2 e6 12.Ne4 Ngf6
13.O-O-O O-O-O 14.g3 Nc5 15.Nxc5 Bxc5 16.c4 Bb6 17.Bc3 a6
18.Qe2 Ba5 19.Bxa5 Qxa5 20.Kb1 Qf5+ 21.Ka1 Qe4 22.Rde1 Qxe2
23.Rxe2 Rhe8 24.Kb1 Re7 25.Kc2 Rc7 26.Rh4 c5 27.dxc5 Rxc5
28.Ne5 Rf8 29.Kc3 Nd7 30.Nxd7 Kxd7 31.Rd2+ Ke7 32.Rhd4 Rc7
33.b4 Rfc8 34.Kb3 Ra8 35.a3 Rac8 36.c5 Rb8 37.Rd6 a5 38.Ka4
axb4 39.axb4 Ke8 40.Kb5 Ra8 41.Kb6 Re7 42.b5 Rc8 43.Ra2 Rec7
44.c6 bxc6 45.Rxc6 Rxc6+ 46.bxc6 Rb8+ 47.Kc5 Rb1 48.Ra8+ Ke7
49.c7 Rc1+ 50.Kb6 Rb1+ 51.Kc6 Rc1+ 52.Kb7 Rb1+ 53.Kc8 Rb2
54.Rb8 Rxf2 55.Kb7 Rb2+ 56.Ka6 Rc2 57.c8=Q Rxc8 58.Rxc8 f5
59.Kb5 Kf6 60.Kc4 Kg5 61.Rc7 Kxh5 62.Rxg7 e5 63.Kd3 e4+ 64.Ke3
f4+ 65.gxf4 1-0

[Event "RUS-ch (Women)"]
[Site "Elista"]
[Date "2001.??.??"]
[EventDate "?"]
[Round "3"]
[Result "1/2-1/2"]
[White "Natalia Pogonina"]
[Black "Elena Zaiatz"]
[WhiteElo "2501"]
[BlackElo "2390"]
[PlyCount "130"]

1.e4 e5 2.Nf3 Nc6 3.Bb5 Nf6 4.d3 d6 5.O-O g6 6.Nc3 Bd7 7.Bg5
h6 8.Bh4 g5 9.Bg3 Bg7 10.Qd2 Nh5 11.Nd5 f5 12.exf5 O-O 13.Bc4
Kh8 14.f6 Nxf6 15.Nxf6 Rxf6 16.Qe3 Ne7 17.Bb3 Bc6 18.Nd2 Nf5
19.Qe2 Rf8 20.Rae1 Nd4 21.Qd1 Qd7 22.Ne4 Ne6 23.Qh5 Qe8 24.Qd1
Qg6 25.c3 Rae8 26.Bc2 Qf7 27.Bb1 Nf4 28.a3 Bd7 29.Bc2 Be6
30.Bxf4 Qxf4 31.Ng3 Bg4 32.f3 Be6 33.Bb1 Qf7 34.Qa4 a6 35.Qe4
d5 36.Qe2 Kg8 37.d4 exd4 38.Qd3 Bh8 39.cxd4 Bd7 40.Rxe8 Rxe8
41.Rd1 Ba4 42.b3 Bd7 43.a4 Re6 44.Rc1 Be8 45.Kf2 Qd7 46.Nf5
Kf8 47.g4 Bg6 48.Qd2 Rb6 49.Qe3 Bxf5 50.Bxf5 Qg7 51.Rd1 Qe7
52.Qc3 Rc6 53.Qd3 Qd6 54.Kg2 Qf6 55.Bd7 Rd6 56.Bf5 Rb6 57.Qc3
Qc6 58.Qe3 Qe8 59.Qd3 Rb4 60.Bg6 Qe6 61.Bf5 Qe7 62.Bg6 Qe6
63.Bf5 Qe7 64.Bg6 Qe6 65.Bf5 Qe7 1/2-1/2

[Event "RUS-ch (Women)"]
[Site "Elista"]
[Date "2001.??.??"]
[EventDate "?"]
[Round "5"]
[Result "1-0"]
[White "Natalia Pogonina"]
[Black "Tatiana Rubzova"]
[WhiteElo "2501"]
[BlackElo "2260"]
[PlyCount "139"]

1.e4 e6 2.d4 d5 3.Nd2 c5 4.exd5 exd5 5.Ngf3 Nc6 6.Bb5 Bd6
7.dxc5 Bxc5 8.Nb3 Bb6 9.O-O Nge7 10.Bg5 O-O 11.c3 Qd6 12.Bh4
Nf5 13.Bg5 f6 14.Bd2 Bc7 15.g3 Ne5 16.Re1 Qb6 17.Bf1 Be6
18.Bf4 Ne7 19.Nfd4 Bg4 20.Qc2 N7g6 21.Be3 Qd6 22.Bg2 a6 23.h3
Bd7 24.Rad1 Nc4 25.Nf5 Bxf5 26.Qxf5 Ne7 27.Qc2 Nxe3 28.Rxe3
Bb6 29.Red3 Rfd8 30.Qe2 Kh8 31.Kh2 Re8 32.c4 Qc7 33.cxd5 Nxd5
34.Qf3 Ne7 35.Rd7 Qe5 36.Rxb7 Rab8 37.Rxb8 Rxb8 38.Rd2 Ng6
39.Qc6 Qc7 40.Qxc7 Bxc7 41.Nc5 a5 42.Ne6 Bb6 43.f4 h6 44.b3
Re8 45.Rd6 Be3 46.Be4 Nf8 47.f5 g5 48.Kg2 Bc1 49.Kf3 Bb2
50.Bd5 Rc8 51.Bc4 h5 52.g4 h4 53.Ke4 Ba3 54.Ra6 Bb4 55.Ra7 Re8
56.Rf7 Nh7 57.Kd5 Re7 58.Rxe7 Bxe7 59.Kc6 Nf8 60.Kb5 Nxe6
61.fxe6 Bb4 62.a3 Bxa3 63.Kxa5 Kg7 64.b4 Kf8 65.b5 Ke7 66.b6
Kd6 67.Ka6 Bc5 68.b7 Kc7 69.e7 Bxe7 70.Ka7 1-0

[Event "RUS-ch (Women)"]
[Site "Elista"]
[Date "2001.??.??"]
[EventDate "?"]
[Round "8"]
[Result "1-0"]
[White "Natalia Pogonina"]
[Black "Tatiana Shadrina"]
[WhiteElo "2501"]
[BlackElo "2384"]
[PlyCount "105"]

1.e4 c5 2.Nf3 e6 3.d4 cxd4 4.Nxd4 a6 5.Nc3 Qc7 6.Bd3 b5 7.a3
Nf6 8.O-O Bc5 9.Nb3 Be7 10.f4 d6 11.Qf3 Bb7 12.Qg3 Nbd7 13.Bd2
O-O 14.Rae1 e5 15.f5 Nc5 16.Bh6 g6 17.Bxf8 Rxf8 18.fxg6 hxg6
19.Nxc5 Qxc5+ 20.Kh1 Kg7 21.Qe3 Qc8 22.Be2 Rh8 23.Bf3 Qc6
24.Qf2 Bd8 25.Rd1 Bb6 26.Qg3 Be3 27.Qe1 Bd4 28.Ne2 Bb6 29.Qc3
Qd7 30.Qd3 Ne8 31.c4 bxc4 32.Qxc4 Qe7 33.Ng1 Ba7 34.b4 Qh4
35.h3 d5 36.Qb3 Qg3 37.exd5 e4 38.Qb2+ Kg8 39.Bxe4 Bb8 40.Nf3
Nd6 41.Bb1 Nc4 42.Qf2 Qd6 43.Rfe1 Qd7 44.Re4 Nd6 45.Rh4 Rxh4
46.Qxh4 Qa4 47.Re1 Bc7 48.Ng5 Kg7 49.Ne6+ fxe6 50.Qe7+ Nf7
51.dxe6 Qc6 52.Qxf7+ Kh8 53.Qf6+ 1-0

[Event "RUS-ch U16 Girls"]
[Site "Cherepovets"]
[Date "2001.??.??"]
[EventDate "?"]
[Round "?"]
[Result "1-0"]
[White "Natalia Pogonina"]
[Black "Marina Romanko Nechaeva"]
[WhiteElo "2501"]
[BlackElo "2320"]
[PlyCount "67"]

1.e4 e6 2.d4 d5 3.Nd2 dxe4 4.Nxe4 Nd7 5.Nf3 Ngf6 6.Nxf6+ Nxf6
7.Bd3 Be7 8.O-O O-O 9.Bg5 b6 10.c3 Bb7 11.Re1 c5 12.dxc5 bxc5
13.Qe2 Qc7 14.Ne5 g6 15.Rad1 Nh5 16.Bxg6 fxg6 17.Rd7 Qb6
18.Rxe7 Rf5 19.Qe3 Raf8 20.Nd7 Qc6 21.Qxe6+ Qxe6 22.R1xe6 Rxg5
23.Nxf8 Bxg2 24.Nxh7 Rg4 25.f3 Bxf3+ 26.Kf2 Rf4 27.Rd6 Bd5+
28.Ke1 Bf7 29.Ng5 Bxa2 30.Rd8+ Rf8 31.Rxf8+ Kxf8 32.Rxa7 Bb3
33.Ne4 c4 34.Nd2 1-0

[Event "RUS-ch U16 Girls"]
[Site "Cherepovets"]
[Date "2001.??.??"]
[EventDate "?"]
[Round "?"]
[Result "0-1"]
[White "Natalia Pogonina"]
[Black "Ekaterina Postnova"]
[WhiteElo "2501"]
[BlackElo "2219"]
[PlyCount "106"]

1.e4 c6 2.d4 d5 3.Nc3 dxe4 4.Nxe4 Nd7 5.Nf3 Ngf6 6.Nxf6+ Nxf6
7.Ne5 Be6 8.Be2 g6 9.O-O Bg7 10.c4 O-O 11.Be3 Ne4 12.Nf3 Qa5
13.Qc2 Nd6 14.Rfd1 Rfd8 15.Ng5 Bf5 16.Qb3 h6 17.Nf3 Be4 18.Nd2
Bf5 19.Bf3 Be6 20.d5 cxd5 21.cxd5 Bd7 22.a4 Rac8 23.Be2 Bf5
24.Nc4 Nxc4 25.Bxc4 Qc7 26.Rac1 Qd6 27.Bxa7 Be5 28.h3 Qf6
29.Rd2 Be4 30.Rcd1 Qf4 31.g3 Qf5 32.Kh2 h5 33.f4 Bd6 34.Bf2 h4
35.Rf1 Bxf4 36.Rd4 Qe5 37.gxf4 Qxf4+ 38.Bg3 Qxg3+ 39.Qxg3
hxg3+ 40.Kxg3 Rxc4 41.Rxc4 Bd3 42.Rfc1 Bxc4 43.Rxc4 Rxd5
44.Rc7 Rd3+ 45.Kh4 Rb3 46.Rxe7 Rxb2 47.Kg5 Kg7 48.Rc7 Rb1
49.Rd7 Rb4 50.Rc7 b6 51.Ra7 Rc4 52.h4 Rd4 53.a5 bxa5 0-1

[Event "RUS-ch U16 Girls"]
[Site "Cherepovets"]
[Date "2001.??.??"]
[EventDate "?"]
[Round "?"]
[Result "1-0"]
[White "Natalia Pogonina"]
[Black "Elena Tomilova"]
[WhiteElo "2501"]
[BlackElo "2308"]
[PlyCount "78"]

1.e4 e6 2.d4 d5 3.Nd2 Nf6 4.e5 Nfd7 5.Bd3 c5 6.c3 Nc6 7.Ne2
cxd4 8.cxd4 f6 9.exf6 Qxf6 10.Nf3 h6 11.O-O Bd6 12.Be3 O-O
13.Rc1 Rd8 14.Bb5 Ne7 15.Qd2 Ng6 16.Rc2 Ndf8 17.Rfc1 Bd7
18.Bxd7 Nxd7 19.Qd3 Nb6 20.b3 Rac8 21.Qb5 Qf7 22.Qa5 Rxc2
23.Rxc2 Rc8 24.Rxc8+ Nxc8 25.Qd8+ Qf8 26.Qd7 Nb6 27.Qxe6+ Kh7
28.h4 Bc7 29.h5 Ne7 30.Ne5 Qf6 31.Qxf6 gxf6 32.Ng4 Ng8 33.Bf4
f5 34.Bxc7 fxg4 35.Bd8 Kg7 36.Ng3 Nd7 37.Kh2 Kf7 38.Nf5 Ke6
39.Ng3 Ndf6 1-0

[Event "RUS-ch U20 Girls"]
[Site "Kazan"]
[Date "2001.??.??"]
[EventDate "?"]
[Round "1"]
[Result "1-0"]
[White "Natalia Pogonina"]
[Black "Elmira Mirzoeva"]
[WhiteElo "2501"]
[BlackElo "2259"]
[PlyCount "83"]

1.e4 d5 2.exd5 Nf6 3.d4 Nxd5 4.c4 Nb6 5.Nf3 g6 6.Nc3 Bg7 7.c5
N6d7 8.Bc4 O-O 9.O-O Nf6 10.h3 c6 11.a3 b6 12.Bg5 h6 13.Bh4
bxc5 14.dxc5 Qxd1 15.Raxd1 g5 16.Bg3 Nbd7 17.Ne5 Nxe5 18.Bxe5
Nd7 19.Bxg7 Kxg7 20.b4 a5 21.Rfe1 axb4 22.axb4 Ra3 23.Rc1 e6
24.Re3 Ba6 25.Bxa6 Rxa6 26.Rd3 Ne5 27.Rd6 Ra7 28.Re1 f6
29.Rxe6 Rb8 30.Rb1 Ra3 31.Ne4 Nd3 32.Nxf6 Nxb4 33.Nd7 Rb7
34.Ne5 Rb5 35.Nxc6 Ra6 36.Nd4 Rxe6 37.Nxe6+ Kf6 38.Nd4 Rb8
39.Rb3 Ke5 40.Rxb4 Ra8 41.Nf3+ Kd5 42.Rb6 1-0

[Event "EYCC G16"]
[Site "Halkidiki GRE"]
[Date "2001.08.31"]
[EventDate "2001.08.31"]
[Round "1"]
[Result "1/2-1/2"]
[White "Marlies Bensdorp"]
[Black "Natalia Pogonina"]
[WhiteElo "2047"]
[BlackElo "2265"]
[PlyCount "76"]

1. d4 Nf6 2. c4 c5 3. d5 b5 4. cxb5 a6 5. bxa6 Bxa6 6. b3 g6
7. Bb2 Bg7 8. e4 Bxf1 9. Kxf1 d6 10. Nd2 O-O 11. Qc2 Na6
12. Ngf3 Nb4 13. Qb1 Qd7 14. a4 e6 15. dxe6 Qxe6 16. e5 dxe5
17. Nxe5 Rad8 18. Ndc4 Rfe8 19. h3 Nh5 20. Ng4 f5 21. Nge3
Bxb2 22. Qxb2 Nd3 23. Qb1 Nf6 24. Kg1 f4 25. Nd1 Qe7 26. Ndb2
Qe2 27. Nxd3 Rxd3 28. Qf1 Qxf1+ 29. Kxf1 Rxb3 30. a5 Nd5
31. Kg1 Rb4 32. Rc1 Re2 33. h4 Ra4 34. Rh3 Raa2 35. Rf3 Nb4
36. Nd6 Rxa5 37. Nb7 Rb5 38. Nxc5 Nd5 1/2-1/2